Awang Had Salleh (Record no. 35781)

MARC details
000 -LEADER
fixed length control field 00662nam a2200241 i 4500
001 - CONTROL NUMBER
control field C2-0123227
003 - CONTROL NUMBER IDENTIFIER
control field PPAK
005 - DATE AND TIME OF LATEST TRANSACTION
control field 20180727114223.0
008 - FIXED-LENGTH DATA ELEMENTS--GENERAL INFORMATION
fixed length control field 970830s1996 my a|||| ||||| | may d
020 ## - INTERNATIONAL STANDARD BOOK NUMBER
International Standard Book Number 9838271004
040 ## - CATALOGING SOURCE
Original cataloging agency PPAK
Language of cataloging eng
Transcribing agency PPAK
Description conventions rda
082 04 - DEWEY DECIMAL CLASSIFICATION NUMBER
Classification number 923.2595
Edition number 23
090 00 - LOCALLY ASSIGNED LC-TYPE CALL NUMBER (OCLC); LOCAL CALL NUMBER (RLIN)
Classification number (OCLC) (R) ; Classification number, CALL (RLIN) (NR) 923.2595
Feature heading HAR
Feature heading K
100 0# - MAIN ENTRY--PERSONAL NAME
Personal name Haris Fadillah,
Relator term author
245 10 - TITLE STATEMENT
Title Awang Had Salleh
264 #1 - PRODUCTION, PUBLICATION, DISTRIBUTION, MANUFACTURE, AND COPYRIGHT NOTICE
Place of production, publication, distribution, manufacture Kuala Lumpur :
Name of producer, publisher, distributor, manufacturer Pustaka Bakti Wira ,
Date of production, publication, distribution, manufacture, or copyright notice 1996
300 ## - PHYSICAL DESCRIPTION
Extent 43 pages :
Other physical details illustrations ;
Dimensions 22 cm
336 ## - CONTENT TYPE
Source rdacontent
Content type term text
337 ## - MEDIA TYPE
Source rdamedia
Media type term unmediated
338 ## - CARRIER TYPE
Source rdacarrier
Carrier type term volume
650 10 - SUBJECT ADDED ENTRY--TOPICAL TERM
Topical term or geographic name entry element Prime Ministers - Biography
942 ## - ADDED ENTRY ELEMENTS (KOHA)
-- dc
Koha item type Book
Holdings
Withdrawn Not for loan Current library Shelving location Date acquired Full call number Barcode Date last seen Koha item type
    Perpustakaan Alor Setar Pinjaman Kanak-kanak 30/08/1997 K 923.2595 HAR A00060180 08/05/2018 Book
    Perpustakaan Awam Sungai Petani Pinjaman Kanak-kanak 30/08/1997 K 923.2595 HAR A00060181 08/05/2018 Book
    Perpustakaan Jitra Pinjaman Kanak-kanak 30/08/1997 K 923.2595 HAR A00060182 08/05/2018 Book
    PD01, Kg. Bendang Raja, Kuala Nerang Pinjaman Kanak-kanak 01/11/1997 K 923.2595 HAR A00088390 08/05/2018 Book
    PD11, Felda Teloi Kanan, Kuala Ketil Pinjaman Kanak-kanak 01/11/1997 K 923.2595 HAR A00088388 08/05/2018 Book
    PD12, Kg. Padang, Baling Pinjaman Kanak-kanak 01/11/1997 K 923.2595 HAR A00088391 08/05/2018 Book
    PD20, Felda Lubuk Merbau, Pendang Pinjaman Kanak-kanak 01/11/1997 K 923.2595 HAR A00088389 08/05/2018 Book